000 00682nam a22001937a 4500
999 _c8064
_d8064
003 AR-CdUCM
008 190322b ||||| |||| 00| 0 spa d
040 _aMUNICIPALIDAD PROVINCIAL DEL CUSCO
_cBIBLIOTECA MUNICIPAL DEL CUSCO
082 _a615 /
_bL86
100 _aEsnaurrizar, Lopez Miguel
_922781
245 _aDignificacion del simpatico :
_bLuces y sombras de un descubrimiento medico /
260 _aMéxico :
_bUTHEA,
_c1968.
300 _a137 paginas ;
_c17 cm.
505 _aContenido :Juventud --Ejercicio profesional --Historia del proceso medico --Simpatitis ...
650 _aMedicina
_93637
650 _aFarmacologia
_922782
942 _2ddc
_cLIBROS
945 _arjall